[Event "Pardubice Czech op-C 32nd"]
[Site "Pardubice"]
[Date "2021.07.29"]
[Round "7"]
[White "Petirova, Iva"]
[Black "Zelkin, Vladimir"]
[Result "0-1"]
[WhiteElo "1488"]
[BlackElo "1688"]
[PlyCount "58"]
[EventDate "2021.07.24"]
[EventType "swiss"]
[EventRounds "9"]
[EventCountry "CZE"]
[SourceTitle "EXT 2022"]
[Source "ChessBase"]
[SourceDate "2021.10.06"]
[SourceVersion "1"]
[SourceVersionDate "2021.10.06"]
[SourceQuality "1"]

1. e4 d5 2. exd5 Nf6 3. Ne2 Nxd5 4. g3 e5 5. Bg2 Bc5 6. Nbc3 c6 7. 0-0 Bg4 8. Ne4 Bb6 9. h3 Bh5 10. g4 Bg6 11. d4 Nd7 12. Nd6+ Kf8 13. f4 Nxf4 14. Bxf4 exf4 15. Nxf4 Nf6 16. Nxg6+ hxg6 17. Nxb7 Qxd4+ 18. Kh1 Nxg4 19. Qf3 Ne5 20. Qa3+ Kg8 21. Rae1 f6 22. Re4 Qd7 23. Nd6 Rd8 24. Rd1 Qe6 25. c4 c5 26. Red4 Nf3 27. Qxf3 cxd4 28. Qg3 Rxd6 29. Re1 Qd7 0-1